Normal view
MARC view
- Authors Mustafa, Mairna واخرون, mairna Mastata and Hamid EI Debs (editor)
Entry Personal Name
001 - CONTROL NUMBER
- control field: 5616
003 - CONTROL NUMBER IDENTIFIER
- control field: JO-AjAnu
005 - DATE AND TIME OF LATEST TRANSACTION
- control field: 20230606071219.0
008 - FIXED-LENGTH DATA ELEMENTS
- fixed length control field: 230606|| aca||aabn | a|a d
040 ## - CATALOGING SOURCE
- Original cataloging agency: JO-AjAnu
- Transcribing agency: JO-AjAnu
100 ## - HEADING--PERSONAL NAME
- Personal name: Authors Mustafa, Mairna واخرون, mairna Mastata and Hamid EI Debs (editor)
670 ## - SOURCE DATA FOUND
- Source citation: Work cat.: (JO-AjAnu)2904: Authors Mustafa, Mairna واخرون, mairna Mastata and Hamid EI Debs (editor), author, Tuning Middle East and North Africa: Reference Point for the Design and Delivery of Degree Programmes in Tourism